000 00897nam a2200253Ia 4500
003 OSt
005 20221005112332.0
006 a|||||r|||| 00| 0
007 ta
008 221004b |||||||| |||| 00| 0 pan d
020 _a9789384138264 (hbk)
_c300
024 _a24475
037 _b973, 16/12/2015, H.K. Prakashan
_cTextual
040 _aCRL
_cCRL
_bpan
041 _2pan
_apan
082 _aR3xN, 153Q5.1
100 _aਕੈਰੋ੍ਵ, ਜੋਗਿੰਦਰ ਸਿੰਘ
245 0 _aਯੁਗ ਚਿੰਤਕ
260 _aਅੰਮ੍ਰਿੰਤਸਰ
_bਕੇ. ਜੀ. ਗ੍ਰਾਖ਼ਿਕਸ ਭਾਰਤ
_c2015
300 _a180ਪ੍ਰ0
_ccm.
650 _aਣOFਨ FਾਂਸਛO
_9157433
942 _hR3xN, 153Q5.1
_cTEXL
_2cc
999 _c1024592
_d1024592